Faith by hearing / (Record no. 1823)
[ view plain ]
| 000 -LEADER | |
|---|---|
| fixed length control field | 00665cam a2200229Ia 4500 |
| 001 - CONTROL NUMBER | |
| control field | 4155669 |
| 003 - CONTROL NUMBER IDENTIFIER | |
| control field | OCoLC |
| 005 - DATE AND TIME OF LATEST TRANSACTION | |
| control field | 20180921110711.0 |
| 008 - FIXED-LENGTH DATA ELEMENTS--GENERAL INFORMATION | |
| fixed length control field | 780821s1960 cau 000 0 eng d |
| 040 ## - CATALOGING SOURCE | |
| Original cataloging agency | CSM |
| Transcribing agency | CSM |
| Modifying agency | OCL |
| -- | CBC |
| 082 ## - DEWEY DECIMAL CLASSIFICATION NUMBER | |
| Classification number | 655.47 |
| Item number | T46f |
| 090 ## - LOCALLY ASSIGNED LC-TYPE CALL NUMBER (OCLC); LOCAL CALL NUMBER (RLIN) | |
| Classification number (OCLC) (R) ; Classification number, CALL (RLIN) (NR) | BV2082.R4 |
| Local cutter number (OCLC) ; Book number/undivided call number, CALL (RLIN) | .T45 |
| 092 ## - LOCALLY ASSIGNED DEWEY CALL NUMBER (OCLC) | |
| Classification number | 266.02 |
| Item number | T37f |
| 100 1# - MAIN ENTRY--PERSONAL NAME | |
| Personal name | Thompson, Phyllis. |
| 245 10 - TITLE STATEMENT | |
| Title | Faith by hearing / |
| Statement of responsibility, etc. | Phyllis Thompson. |
| 260 ## - PUBLICATION, DISTRIBUTION, ETC. | |
| Place of publication, distribution, etc. | Los Angeles, Calif. : |
| Name of publisher, distributor, etc. | Gospel Recordings, Inc., |
| Date of publication, distribution, etc. | 1960. |
| 300 ## - PHYSICAL DESCRIPTION | |
| Extent | 64 p. ; |
| Dimensions | 18 cm. |
| 500 ## - GENERAL NOTE | |
| General note | "The story of Gospel Recordings."--Cover. |
| 610 20 - SUBJECT ADDED ENTRY--CORPORATE NAME | |
| Corporate name or jurisdiction name as entry element | Gospel Recordings, inc. |
| 650 #0 - SUBJECT ADDED ENTRY--TOPICAL TERM | |
| Topical term or geographic name entry element | Sound recordings in missionary work. |
| 942 ## - ADDED ENTRY ELEMENTS (KOHA) | |
| Source of classification or shelving scheme | Dewey Decimal Classification |
| Koha item type | Books |
| Withdrawn status | Lost status | Source of classification or shelving scheme | Damaged status | Not for loan | Collection code | Home library | Current library | Shelving location | Date acquired | Total Checkouts | Full call number | Barcode | Date last seen | Price effective from | Koha item type |
|---|---|---|---|---|---|---|---|---|---|---|---|---|---|---|---|
| Dewey Decimal Classification | Non-fiction | Harvest Mission College | Harvest Mission College | General Stacks | 21.09.2018 | 655.47 T46f | 000111 | 21.09.2018 | 21.09.2018 | Books |
